ბათუმის შოთა რუსთაველის სახელმწიფო უნივერსიტეტის ბიბლიოთეკა

Grammar for IELTS with Answers: Self-study Grammar ; Reference and Practice (ბიბ.ჩანაწერი № 50505)

000 -LEADER
fixed length control field 00565nam a2200205Ia 4500
001 - CONTROL NUMBER
control field 17454
003 - CONTROL NUMBER IDENTIFIER
control field GE_BSU
008 - FIXED-LENGTH DATA ELEMENTS--GENERAL INFORMATION
fixed length control field 181216s||||||||xx |||||||||||||| ||und||
020 ## - INTERNATIONAL STANDARD BOOK NUMBER
International Standard Book Number 9780521604628
040 ## - CATALOGING SOURCE
Transcribing agency GE_BSU
080 ## - UNIVERSAL DECIMAL CLASSIFICATION NUMBER
Universal Decimal Classification number 811.111
100 ## - MAIN ENTRY--PERSONAL NAME
Personal name Hopkins,Diana. Cullen,Pauline
245 ## - TITLE STATEMENT
Title Grammar for IELTS with Answers: Self-study Grammar ; Reference and Practice
260 ## - PUBLICATION, DISTRIBUTION, ETC.
Place of publication, distribution, etc. Cambridge
260 ## - PUBLICATION, DISTRIBUTION, ETC.
Date of publication, distribution, etc. 2007
300 ## - PHYSICAL DESCRIPTION
Extent 258p.
653 ## - INDEX TERM--UNCONTROLLED
Uncontrolled term Grammar for IELTS with Answers: Self-study Grammar ; Reference and Practice
942 ## - ADDED ENTRY ELEMENTS (KOHA)
Koha item type წიგნი
ეგზემპლარები
Withdrawn status Lost status Damaged status Not for loan Date acquired Barcode Date last seen Price effective from Koha item type
        2018-12-17 1372 2018-12-17 2018-12-17 წიგნი